| Tag |
First Indicator |
Second Indicator |
Subfields |
| LEADER |
00000ccm a2200000 a 4500 |
| 001 |
in00001419081 |
| 005 |
20151020065818.0 |
| 008 |
930916r19931992gw zzz hi n N/A d |
| 028 |
3 |
0 |
|a 489
|b G. Henle
|
| 028 |
3 |
0 |
|a HN 489
|b G. Henle
|
| 035 |
|
|
|a (OCoLC)28834133
|
| 035 |
|
|
|9 AHP7720AM
|
| 040 |
|
|
|a SNN
|c SNN
|d TXA
|d UtOrBLW
|
| 041 |
0 |
|
|g eng
|g fre
|g ger
|
| 045 |
0 |
|
|b d1817
|
| 048 |
|
|
|a ka01
|
| 049 |
|
|
|a TXAM
|
| 090 |
|
|
|a M25.S38
|b D.593 1993
|
| 100 |
1 |
|
|a Schubert, Franz,
|d 1797-1828.
|
| 240 |
1 |
0 |
|a Scherzos,
|m piano,
|n D. 593
|
| 245 |
1 |
0 |
|a Zwei Scherzi, D 593 /
|c Franz Schubert ; nach einer Abschrift und der Erstausgabe herausgegeben von Gertraut Haberkamp ; Fingersatz von Klaus Schilde.
|
| 264 |
|
1 |
|a München :
|b G. Henle,
|c [1993]
|
| 264 |
|
4 |
|c ©1992
|
| 300 |
|
|
|a 7 pages of music ;
|c 31 cm.
|
| 336 |
|
|
|a notated music
|b ntm
|2 rdacontent
|
| 337 |
|
|
|a unmediated
|b n
|2 rdamedia
|
| 338 |
|
|
|a volume
|b nc
|2 rdacarrier
|
| 500 |
|
|
|a Reprinted from: Klavierstücke ; Klaviervariationen / Franz Schubert (München : G. Henle, c1992)
|
| 500 |
|
|
|a "Urtext"--Cover.
|
| 500 |
|
|
|a Editorial and critical notes in German, English and French on prelim. p.
|
| 500 |
|
|
|a Publisher's number: 489.
|
| 500 |
|
|
|a Additional publisher's number (from label on back cover): HN 489.
|
| 650 |
|
0 |
|a Piano music.
|
| 700 |
1 |
|
|a Haberkamp, Gertraut.
|
| 700 |
1 |
|
|a Schilde, Klaus.
|
| 948 |
|
|
|a c:jlg
|
| 999 |
|
|
|a MARS
|
| 999 |
f |
f |
|s 04a653c3-9f48-3940-b514-b1d0ad9029e2
|i fcfaf5dd-bd8a-3f32-9a5b-22cefad88ba2
|t 0
|
| 952 |
f |
f |
|p ric
|a Texas A&M University
|b Rellis Campus
|c Joint Library Facility
|d Remote Storage
|t 0
|e M25.S38 D.593 1993
|h Library of Congress classification
|i unmediated -- volume
|m A14822538351
|
| 998 |
f |
f |
|a M25.S38 D.593 1993
|t 0
|l Remote Storage
|